000 04068cam a22006734i 4500
003 PE-LiUPU
005 20250731183414.0
008 190923s2017 pe a r 000 0 spa d
020 _a9972596702
_q(Volumen 1)
020 _a9789972596704
_q(Volumen 1)
020 _a9972596729
_q(Volumen 2)
020 _a9789972596728
_q(Volumen 2)
020 _a9972596753
_q(Volumen 3)
020 _a9789972596759
_q(Volumen 3)
020 _a997259677X
_q(Volumen 4)
020 _a9789972596773
_q(Volumen 4)
020 _a9972596796
_q(Volumen 5)
020 _a9789972596797
_q(Volumen 5)
020 _a9972596818
_q(Volumen 6)
020 _a9789972596810
_q(Volumen 6)
035 _a(Sirsi) a252569
040 _aPE-LiUPU
_bspa
_cPE-LiUPU
_erda
049 _aPRUA
082 0 4 _a746.434
_bAT
_220
245 0 0 _aCrochet paso a paso /
_cLérida Fernández.
250 _aPrimera edición.
264 1 _aLima :
_bCorporación Gráfica Navarrete,
_c2017.
300 _a6 volúmenes :
_bilustraciones ;
_c21 centímetros.
336 _atext
_2rdacontent
337 _aunmediated
_2rdamedia
338 _avolume
_2rdacarrierC0
_bPEPRU
490 0 _aA tejer
505 0 _aVolumen 1,
_tGorros.
_aBeanie a tres colores -- Con visera -- Para mi coleta -- Gatito abrigado -- Clásico a dos colores -- Un osito en mi cabeza -- Para otoño -- Tiburoncín -- En invierno -- Dos corazones.
505 0 _aVolumen 2,
_tBufandas.
_aClásico de invierno -- Tres botones -- Con bolsillos -- Detalle calado -- Cuello tricolor -- Estilo infinito -- Naranja de otoño -- Cuatro colores -- Rojo casual -- Calado en chocolate.
505 0 _aVolumen 3,
_tMantas.
_aAbrigadora -- ¿Te acompaño? -- Tricolor -- Cubrecama de trapillos -- Búho capucha -- Jadrín de flores -- Sirena -- Especial para el bebé -- Rombos de colores -- Calada decorativa.
505 0 _aVolumen 4,
_tChompas.
_aDulce abrigo -- Estilo casual -- Para toda ocación -- Lila encantador -- Rojo y mostaza -- Bolero largo -- Geométrico a dos colores -- Para el rey -- Calado en rosa -- Para él.
505 0 _aVolumen 5,
_tAmigurumi.
_aTeo tentáculos -- Huga oruga -- Fita jirafita -- Coco miau -- Pepito banana -- Pixy patas rosadas -- Cactus magnus -- Cup & cake -- Kusi vicuña -- Hipa felipa.
505 0 _aVolumen 6,
_tAccesorios.
_aLinda naranja -- Un corazón en mi monedero -- Dulces sueños -- En mis manos -- Entre libros -- Guarda-todo -- Bordes abrigadores -- Cazador de sueños -- Hola, koala -- En círculos.
526 _aP158
526 _aP146
526 _aP17
526 _aP12
526 _aP06
650 0 4 _aTejidos a crochet
_v-Manuales, etc.
650 0 4 _aLabores de aguja.
700 1 _aFernández, Lérida,
_eeditor.
910 _abgr
_bncf
_cncf
_d20190923
942 _2ddc
_cBOOK
994 _aC0
_bPEPRU
598 _aCATALOGING
596 _a1
999 _a746.434 AT 1
_wDEWEY
_c31797
_i80607
_f2021-11-8
_g3
_lCCODEBUL1
_mBUL
_p10.00
_r0
_sY
_tBOOK
_u2019-9-23
_xEDUCACION
_PP20
_0COMPRA
_o.STAFF. Colección Ciencias Humanas y Educación
_d31797
999 _a746.434 AT 3
_wDEWEY
_c1
_i80608
_f2021-11-8
_g3
_lCCODEBUL1
_mBUL
_p10.00
_r0
_sY
_tBOOK
_u2019-9-23
_xEDUCACION
_PP20
_0COMPRA
_o.STAFF. Colección Ciencias Humanas y Educación
999 _a746.434 AT 2
_wDEWEY
_c1
_i80609
_f2021-11-8
_g3
_lCCODEBUL1
_mBUL
_p10.00
_r0
_sY
_tBOOK
_u2019-9-23
_xEDUCACION
_PP20
_0COMPRA
_o.STAFF. Colección Ciencias Humanas y Educación
999 _a746.434 AT 4
_wDEWEY
_c1
_i80610
_f2021-11-8
_g3
_lCCODEBUL1
_mBUL
_p10.00
_r0
_sY
_tBOOK
_u2019-9-23
_xEDUCACION
_PP20
_0COMPRA
_o.STAFF. Colección Ciencias Humanas y Educación
999 _a746.434 AT 5
_wDEWEY
_c1
_i80611
_f2021-11-8
_g3
_lCCODEBUL1
_mBUL
_p10.00
_r0
_sY
_tBOOK
_u2019-9-23
_xEDUCACION
_PP20
_0COMPRA
_o.STAFF. Colección Ciencias Humanas y Educación
999 _a746.434 AT 6
_wDEWEY
_c1
_i80612
_f2021-11-8
_g3
_lCCODEBUL1
_mBUL
_p10.00
_r0
_sY
_tBOOK
_u2019-9-23
_xEDUCACION
_PP20
_0COMPRA
_o.STAFF. Colección Ciencias Humanas y Educación
980 _81
_gALBERTO SANCHEZ Responsable de Automatización